000 nam a22 7a 4500
999 _c23147
_d23147
008 170125b xxu||||| |||| 00| 0 eng d
020 _a9781256555438
050 _aHD 2795 .P43 2012
100 _aPearson.
_d2012
245 _aPearson custom Business resources/
260 _aUSA:
_bPearson,
_c2012.
300 _aii, 478p.:
_bill.;
_c28cm.
521 _aIncludes index.
650 _aBusiness policy.
700 _aKursh, Steven R.
700 _aMajeske, Karl D.
700 _aLant, Theresa K.
942 _2lcc
_cBOOKS
_hHD 2795 .P43 2012